000 00600nam a22001817a 4500
003 UA-OsUOA
001 8231
007 ta
008 20040819b un ||||| |||| 00| 0 ukr d
100 _aЧмир О.
942 _cSA
040 _aUA-OsUOA
_cUA-OsUOA
_dUA-OsUOA
245 _aСемантично мотивована лексика сфери права ( на матеріалі старослов'янської та давньоруської мов )
300 _aС.75-80
955 _a0
773 0 _w0
_tМовознавство
_dКиїв
_d2004
_g№2/3
650 7 _aЛексика
_2UDC
999 _c294392
_d294392